Stredná Ázia – perspektívy rozvoja regiónu bakalárska práca

Salvato in:
Dettagli Bibliografici
Autore principale: Slaminková, Zuzana
Ente Autore: Obchodná fakulta EU. Katedra medzinárodného obchodu
Altri autori: Drieniková, Kristína, 1982-
Natura: Libro
Lingua:slovacco
Pubblicazione: Bratislava 2017
Tags: Aggiungi Tag
Nessun Tag, puoi essere il primo ad aggiungerne!!

MARC

LEADER 00000nbm a2200000 4500
001 0232805
005 20170818100248.1
041 0 |a slo 
044 |a SK 
245 1 0 |a Stredná Ázia – perspektívy rozvoja regiónu  |b bakalárska práca  |c Zuzana Slaminková ; školiteľ: Kristína Drieniková 
264 1 |a Bratislava  |c 2017 
300 |a 63 s. 
100 1 |a Slaminková, Zuzana 
700 1 |a Drieniková, Kristína, 1982- 
710 2 |a Obchodná fakulta EU. Katedra medzinárodného obchodu